000 00557nam a2200193Ia 4500
001 14662
003 GE_BSU
008 181216s||||||||xx |||||||||||||| ||und||
040 _cGE_BSU
080 _a821.353.1-31
100 _aლორთქიფანიძე,ნიკო
245 _aრჩეული თხზულებანი.ტ.2
260 _aთბილისი
260 _bსახელგამი
260 _c1953
300 _a522გვ.ილ.
653 _aრჩეული თხზულებანი
942 _cBK
999 _c47788
_d47788